000
00215 a2200097 4500
001
5989
100
_a
Shigley, J E
245
_a
Simulation of mechanical systems
260
_a
_b
McGraw-Hill
_c
090
_c
4894
_d
4894
942
_a
NUST-CAE
_c
M
_c
31260
999
_c
241062
_d
241062